01246 am a2200313 a 450000500170000000800410001702000080005804100080006610000190007424500650009325000110015826000570016930000110022650001190023765300490035665300520040565300410045765300630049865300270056165300390058865300630062765300550069065300310074565300290077665300460080565300300085165300200088165300310090120240227134506.0100603s1996||||ag a f |||| 001 0 spa d aS/N aspa1 aCabo, Horacio. aManifestaciones cutáneas de la diabetes / cHoracio Cabo. a1a ed. aBuenos Aires: bEdiciones Héctor A. Macchi;c1996. a320 p. aCabo, H. (1996). Manifestaciones cutáneas de la diabetes. (1a ed.). Buenos Aires : Ediciones Héctor A. Macchi. aDiabetes Mellitus. Consideraciones generales aIntroducción a las manifestaciones cutáneas aMarcadores cutáneos de la diabetes aSíndrome de engrosamiento cutáneo en diabetes mellitus aInfecciones cutáneas aDermatosis asociadas a la diabetes aManifestaciones cutáneas del tratamiento antidiabético aCambios ungurales asociados a la diabetes mellitus aVasculopatía diabética aNeuropatía diabética aTratamiento del muñon post-quirúrgico aResistencia a la insulina aPie diabético aTratamiento de la diabetes